| 000 | 00660nam a2200205Ii 4500 | ||
|---|---|---|---|
| 001 | 3632 | ||
| 003 | CO-ViMGA | ||
| 008 | 241108s9999||||xx |||||||||||||| ||und|| | ||
| 040 |
_aCO-ViMGA _bspa _erda _cCO-ViMGA |
||
| 041 | 0 | _aspa | |
| 082 | 0 | 4 | _a338.19 O735 |
| 110 | 1 |
_aOrganización de las Naciones para la Agricultura y la Alimentación, _952861 |
|
| 245 | 1 | 0 |
_aLa Seguridad alimentación mundial: _bAlgunos temas y problemas |
| 264 | 1 | _aBogotá, Colombia : FAO, 1985 | |
| 300 | _avolumen | ||
| 336 |
_atext _btxt _2rdacontent |
||
| 337 |
_aunmediated _bn _2rdamedia |
||
| 338 |
_avolume _bnc _2rdacarrier |
||
| 940 | _aidficha_siabuc: 3546. -- ficha_no_siabuc:3632 | ||
| 999 |
_c47861 _d47861 |
||